Diccionario Ilustrado: Latino-Español, Español-Latino
Guardado en:
| Formato: | Libro |
|---|---|
| Lenguaje: | Undetermined |
| Publicado: |
Barcelona, España
Bibliograf
1991
|
| Edición: | 19 |
| Materias: | |
| Etiquetas: |
Agregar Etiqueta
Sin Etiquetas, Sea el primero en etiquetar este registro!
|
MARC
| LEADER | 00000nam a2200000Ia 4500 | ||
|---|---|---|---|
| 008 | 170316s9999 xx 000 0 und d | ||
| 040 | |a cru BVZT | ||
| 090 | |a R-413 D-1d LAT-ESP | ||
| 245 | |a Diccionario Ilustrado: Latino-Español, Español-Latino | ||
| 250 | |a 19 | ||
| 260 | |a Barcelona, España | ||
| 260 | |b Bibliograf | ||
| 260 | |c 1991 | ||
| 300 | |a 717 páginas | ||
| 650 | |a REFERENCIA | ||
| 650 | |a DICCIONARIO | ||
| 650 | |a IDIOMA-LATÍN | ||
| 650 | |a GRABADOS | ||
| 650 | |a MAPAS | ||
| 650 | |a ILUSTRACIONES | ||
| 650 | |a LATÍN ECLESIÁSTICO | ||
| 942 | |c REF | ||
| 999 | |c 14920 |d 14920 | ||
